Personnages animés les plus populaires (MAL) - Statistiques

Statistiques générales
  • Ce quiz a été pris 2 940 fois
  • Le résultat moyen est 28 sur 100
Statistiques - réponses
Position Anime Personnage % Correct
2 Death Note L Lawliet
100%
3 One Piece Luffy D. Monkey
97%
9 Naruto Naruto Uzumaki
95%
31 Naruto Sasuke Uchiha
92%
7 One Piece Zoro Roronoa
91%
50 Shingeki no Kyojin Eren Yeager
90%
65 Hunter x Hunter Gon Freecss
90%
10 Hunter x Hunter Killua Zoldyck
88%
5 Death Note Light Yagami
82%
26 Dragon Ball Son Goku
80%
20 Shingeko ni Kyojin Mikasa Ackerman
77%
18 One-Punch Man Saitama
77%
21 Naruto Kakashi Hatake
74%
48 Fairy Tail Natsu Dragneel
73%
47 One Piece Sanji
72%
52 Boku no Hero Academia Izuku Midoriya
68%
1 Code Geass Lelouch Lamperouge
67%
12 Naruto Itachi Uchiha
65%
59 Dragon Ball Z Vegeta
65%
6 FullMetal Alchemist Edward Elric
60%
40 Bleach Ichigo Kurosaki
60%
19 Tokyo Ghoul Ken Kaneki
58%
29 Hunter x Hunter Hisoka Morow
55%
15 Sword Art Online Kazuto Kirigaya
54%
90 Hunter x Hunter Kurapika
52%
94 Assassination Classroom Karma Akabane
45%
4 Shingeki no Kyojin Levi
45%
92 Elfen Lied Lucy
45%
36 Sword Art Online Asuna Yuuki
44%
17 Berserk Guts
43%
67 Fairy Tail Erza Scarlet
42%
43 Great Teacher Onizuka Eikishi Onizuka
39%
73 Violet Evergarden Violet Evergarden
36%
42 Darling in the franXX Zero Two
31%
86 Assassination Classroom Koro-Sensei
30%
16 Re:Zero Rem
30%
33 Jojo's Bizarre Adventure Joseph Joestar
28%
97 Naruto Shikamaru Nara
25%
80 Shokugeki no Soma Souma Yukihira
25%
70 Boku no Hero Academia Katsuki Bakugou
23%
11 Gintama Gintoki Sataka
22%
49 Black Butler Sebastian Michaelis
21%
22 Noragami Yato
21%
81 One Piece Law Trafalgar
20%
96 Naruto Gaara
19%
37 Re:Zero Emilia
18%
87 No Game no Life Shiro
17%
34 Fate Saber
16%
32 FullMetal Alchemist Roy Mustang
15%
78 Kaguya-sama : Love is war Chika Fujiwara
14%
28 Mirai Nikki Yuno Gasai
14%
53 Code Geass C.C.
13%
24 KonuSuba Megumin
13%
76 Fate Rin Toosaka
13%
62 Rascal Does Not Dream of Bunny Girl Senpai Mai Sakurajima
12%
85 No Game no Life Sora
12%
23 Cowboy Bebop Spike Spiegel
11%
60 Neon Genesis Evangelion Asuka Langley Souryuu
10%
56 Your Lie in April Kaori Miyazono
10%
27 Toradora Taiga Aisaka
10%
8 Steins;Gate Rintarou Okabe
8%
14 Steins;Gate Kurisu Makise
7%
83 High School DxD Rias Gremory
7%
41 Hellsing Alucard
6%
98 Fate Gilgamesh
6%
82 KonoSuba Kazuma Satou
6%
30 Gurren Lagann Kamina
5%
54 One Piece Nico Robin
5%
61 Bungou Stray Dogs Osamu Daizai
5%
74 Black Lagoon Revy
5%
13 Yahari Ore no Seishun Love Comedy wa Machigatteiru Hachiman Hikigaya
4%
72 The melancholy of Suzumiya Haruhi Haruhi Suzumiya
4%
55 Boku no Hero Academia Shouto Todoroki
4%
68 Date a Live Kurumi Tokisaki
3%
39 Yahari Ore no Seishun Love Comedy wa Machigatteiru Yukino Yukinoshita
3%
89 Nisekoi Chitoge Kirasaki
2%
38 Spice and Wolf Holo
2%
51 Mahou Shoujo Madoka Magica Homura Akemi
2%
44 Durarara Izaya Orihara
2%
93 Angel Beats Kanade Tachibana
2%
35 Monogatari Series Shinobu Oshino
2%
69 Kaichou wa Maid-Sama Takumi Usui
2%
45 Kaguya-sama : Love is war Yuu Ishigami
2%
99 Mushishi Ginko
1%
71 Darker than Black Hei
1%
25 Monogatari Series Hitagi Senjougahara
1%
84 Jojo's Bizarre Adventure Joutarou Kuujou
1%
100 Fate Kiritsugu Emiya
1%
46 Monogatari Series Koyomi Araragi
1%
79 Sakura-sou no pet na kanojo Mashiro Shiina
1%
75 Toaru Majutsu no Index / Toaru Kagaku no Railgun Mikoto Misaka
1%
95 Kill la Kill Ryuuko Matoi
1%
66 Durarara Shizuo Heiwajima
1%
88 Koe no Katashi Shouko Nishimiya
1%
64 Mob Psycho 100 Arakata Reigen
0%
63 Hyouka Houtarou Oreki
0%
91 Samurai X Kenshin Himura
0%
58 Lucky Star Konata Izumi
0%
77 Ghost in the shell Motoko Kusanagi
0%
57 Love, Chunibyo & Other Delusions! Rikka Takanashi
0%
Aucun quiz correspondant
Distribution des résultats
% des personnes avec chaque résultat
Percentile par nombre de réponses
Votre historique - résultats
Vous n’avez pas pris ce quiz